000 00975nam a22002417a 4500
999 _c63629
_d63629
005 20240530110651.0
008 171212s2015 ua a g 000 0 ara d
017 _a2165
_bمصر. دار الكتب
020 _a9789773583286
040 _aEG-CaGPL
_cEG-CaGPL
082 0 4 _221
_a302.2\
_bد ت
100 1 _aديانتن ، ماريان .
245 1 0 _aتطبيق نظرية الاتصال فى الحياة المهنية /
_cتأليف ماريان ديانتن ، اليان د. زيلى ؛ ترجمة عبدالحكم الخزامى .
250 _aط.1
260 _aالقاهرة :
_bدار الفجر للنشر و التوزيع ،
_c2015 .
300 _a346 ص. ؛
_c24 سم.
650 0 7 _2qrmak
_aالاتصال
650 0 7 _2qrmak
_aوسائل الاعلام
700 0 _aاليان د. زيلى
_eمؤلف مشارك
700 0 _aعبدالحكم الخزامى
_eمترجم
942 _2ddc
_cBK